| 000 | 00435nam a22001457a 4500 | ||
|---|---|---|---|
| 082 |
_a355.0092 _bRAJ |
||
| 245 |
_aFakhr-e-Kashmir _b14 Aug 1948 |
||
| 260 |
_aQuetta _bIslamia Stationary Mart _c1948 |
||
| 300 |
_axx 265 P.: _bill, Graphics, Images _c20 Cm |
||
| 526 |
_a0 _b0 _c0 _d355_009200000000000_RAJ |
||
| 526 |
_a0 _b0 _c0 _d355_009200000000000_RAJ |
||
| 650 |
_aMCE _9379 |
||
| 700 |
_aLt Col Talat Zia Raja _948617 |
||
| 942 |
_2ddc _cBK |
||
| 999 |
_c551491 _d551491 |
||